<?xml version="1.0" encoding="UTF-8"?>
<record
    xmlns:xsi="http://www.w3.org/2001/XMLSchema-instance"
    xsi:schemaLocation="http://www.loc.gov/MARC21/slim http://www.loc.gov/standards/marcxml/schema/MARC21slim.xsd"
    xmlns="http://www.loc.gov/MARC21/slim">

  <leader>01235nam a2200265 a 4500</leader>
  <controlfield tag="001">BRCA_644</controlfield>
  <controlfield tag="005">20190320203107.0</controlfield>
  <controlfield tag="008">070116s2007    caua---##b---#001-0#eng-#</controlfield>
  <datafield tag="020" ind1=" " ind2=" ">
    <subfield code="a">9780892368891</subfield>
  </datafield>
  <datafield tag="040" ind1=" " ind2=" ">
    <subfield code="a">DLC</subfield>
    <subfield code="c">DLC</subfield>
    <subfield code="d">BAKER</subfield>
  </datafield>
  <datafield tag="050" ind1=" " ind2="4">
    <subfield code="a">ND1382.4</subfield>
    <subfield code="b">.M67 2007</subfield>
  </datafield>
  <datafield tag="100" ind1="1" ind2=" ">
    <subfield code="a">Morton, Mary</subfield>
    <subfield code="9">2154</subfield>
  </datafield>
  <datafield tag="245" ind1="1" ind2="0">
    <subfield code="a">Oudry&#xB4;s Painted Menagerie</subfield>
    <subfield code="b">Portraits of Exotic Animals in Eighteenth-Century Europe</subfield>
    <subfield code="c">edited by Mary Morton ; with essays by Colin B. Bailey ... [et al.].</subfield>
  </datafield>
  <datafield tag="260" ind1=" " ind2=" ">
    <subfield code="a">Los &#xC1;ngeles</subfield>
    <subfield code="b">J. Paul Getty Museum</subfield>
    <subfield code="c">2007</subfield>
  </datafield>
  <datafield tag="300" ind1=" " ind2=" ">
    <subfield code="a">xv, 151 p.</subfield>
    <subfield code="b">il. a color</subfield>
    <subfield code="c">28 cm.</subfield>
  </datafield>
  <datafield tag="500" ind1=" " ind2=" ">
    <subfield code="a">Cat&#xE1;logo de la exposici&#xF3;n organizada por  The J. Paul Getty Museum, The Staatliches Museum (Schwerin, Germany) y realizada en The Getty Museum (Los Angeles), 1 mayo - 2 septiembre, 2007 y en The Museum of Fine Arts (Houston), 7 octubre, 2007 - 6 enero, 2008</subfield>
  </datafield>
  <datafield tag="500" ind1=" " ind2=" ">
    <subfield code="a">Incluye &#xED;ndice alfab&#xE9;tico</subfield>
  </datafield>
  <datafield tag="504" ind1=" " ind2=" ">
    <subfield code="a">Bibliograf&#xED;a: p. 146-147</subfield>
  </datafield>
  <datafield tag="600" ind1="1" ind2="4">
    <subfield code="a">Oudry, Jean-Baptiste</subfield>
    <subfield code="d">1686-1755</subfield>
    <subfield code="v">Exposiciones</subfield>
    <subfield code="9">2155</subfield>
  </datafield>
  <datafield tag="650" ind1="1" ind2="4">
    <subfield code="a">Arte en la vida silvestre</subfield>
    <subfield code="v">Exposiciones</subfield>
    <subfield code="z">Francia</subfield>
    <subfield code="9">2156</subfield>
  </datafield>
  <datafield tag="650" ind1="1" ind2="4">
    <subfield code="a">Arte</subfield>
    <subfield code="v">Exposiciones</subfield>
    <subfield code="x">Colecciones privadas</subfield>
    <subfield code="z">Alemania</subfield>
    <subfield code="9">2157</subfield>
  </datafield>
  <datafield tag="700" ind1="1" ind2=" ">
    <subfield code="a">Morton, Mary G</subfield>
    <subfield code="9">2158</subfield>
  </datafield>
  <datafield tag="700" ind1="1" ind2=" ">
    <subfield code="a">Bailey, Colin B</subfield>
    <subfield code="9">2159</subfield>
  </datafield>
  <datafield tag="942" ind1=" " ind2=" ">
    <subfield code="2">lcc</subfield>
    <subfield code="c">B</subfield>
  </datafield>
  <datafield tag="999" ind1=" " ind2=" ">
    <subfield code="c">560</subfield>
    <subfield code="d">560</subfield>
  </datafield>
  <datafield tag="952" ind1=" " ind2=" ">
    <subfield code="0">0</subfield>
    <subfield code="1">0</subfield>
    <subfield code="4">0</subfield>
    <subfield code="7">0</subfield>
    <subfield code="a">BRCA</subfield>
    <subfield code="b">BRCA</subfield>
    <subfield code="d">2008-06-25</subfield>
    <subfield code="l">0</subfield>
    <subfield code="o">ND1382.4 .M67 2007</subfield>
    <subfield code="p">00973</subfield>
    <subfield code="r">2019-03-22 00:00:00</subfield>
    <subfield code="w">2019-03-22</subfield>
    <subfield code="y">B</subfield>
  </datafield>
</record>
